| 000 | 01584nam a22002417a 4500 | ||
|---|---|---|---|
| 999 |
_c62098 _d62098 |
||
| 003 | Ge_BSU | ||
| 005 | 20240709151236.0 | ||
| 008 | 240709s2019 ge ||||| |||| 00| 0 geo d | ||
| 020 | _a9789941443077 | ||
| 041 | _ageo | ||
| 080 | _a613(075.8)+614.7(075.8) ვ-43 | ||
| 100 |
_aვეფხვაძე, ნინო. _e ავტორი. _922425 |
||
| 245 |
_aჰიგიენა და სამედიცინო ეკოლოგია : _bსახელმძღვ. თბილ. სახელმწ. სამედ. უნ-ტისა და საქ. უმაღლ. სამედ. სასწავლებლების სტუდენტებისათვის / _c ნინო ვეფხვაძე ; თანაავტ.: ბიძინა ზურაშვილი [და სხვ.] ; რედ. კლარა გელაშვილი. |
||
| 250 | _aგანმეორებითი ტირაჟი | ||
| 264 |
_aთბილისი: _bთბილ. სახელმწ. სამედ. უნ-ტის გამ-ბა, _c2019. |
||
| 300 |
_a324 გვ.: _bსურ., ცხრ. ; _c29 სმ. |
||
| 504 | _aბიბლიოგრ.: გვ. 321-322. | ||
| 653 | _aჰიგიენა | ||
| 653 | _aსამედიცინო ეკოლოგია | ||
| 700 |
_a ზურაშვილი, ბიძინა _eთანაავტორი და სხვ. _922778 |
||
| 710 |
_aგელაშვილი. კლარა _eრედაქტორი _922779 |
||
| 942 |
_2udc _cᲬᲘᲒᲜᲘ |
||